| 000 | 00364nam a22001577a 4500 | ||
|---|---|---|---|
| 005 | 20200524101801.0 | ||
| 008 | 200524b xxu||||| |||| 00| 0 eng d | ||
| 041 | _aeng | ||
| 082 | _a340 | ||
| 100 |
_aBARE ACT _95744 |
||
| 245 | _aTHE GAS CYLINDERS RULES , 2016 | ||
| 260 |
_aDELHI _bPROFESSIONALS BOOKS |
||
| 300 | _a171p, | ||
| 650 |
_alaw _95701 |
||
| 942 | _cBK | ||
| 999 |
_c6482 _d6480 |
||